• 首页
  • 本馆介绍
  • 公告通知
  • 最新文献
  • 馆藏检索
  • 电子资源
  • 读者导购
  • 参考咨询
  • 我的图书馆
  • 登录
  • 详细信息显示
  • 放入我的书架
  • 预约/预借图书
  • 作者相关作品
  • 分类相关作品
  • 丛书相关作品
  • 出版社相关作品

书目信息

  • 表格格式
  • 工作单格式
  • 卡片格式
题名:
化学热力学与统计热力学基础
    
 
作者: 伏义路 编
分册:  
出版信息: 上海   上海科学技术出版社  1984
页数: 536页
开本: 21cm
丛书名:
单 册:
中图分类: O642.1
科图分类:
主题词: 化学热力学 , 统计热力学
电子资源:
ISBN:
000 00676nam0 2200241 45
001 0184002082
005 20060515094402.37
010    @dCNY2.30
091    @a13119.1110
100    @a19950421d1984 em y0chiy0121 ea
101 0  @achi
102    @aCN@b310000
105    @ay z 000yy
200 10 @a化学热力学与统计热力学基础@Ahua xue re li xue yu tong ji re li xue ji chu@f伏义路等编@Ffu yi lu deng bian
210    @a上海@c上海科学技术出版社@d1984
215    @a536页@d21cm
606    @a化学热力学
606    @a统计热力学
690    @aO642.1@v4
701  0 @a伏义路@Afu yi lu@4编
801  0 @aCN@b上海图书馆@c20060515
801  2 @aCN@bNLC@c20060427
905    @dO642.1@e18
    
    化学热力学与统计热力学基础/伏义路等编.-上海:上海科学技术出版社,1984
    536页;21cm
    
    
    ISBN :CNY2.30
    
●
相关链接 在E读中查询图书 在五车中查询图书 在当当中查询图书 在豆瓣中查询图书


正题名:化学热力学与统计热力学基础     索取号:O642.1/18         预约/预借

序号 登录号 条形码 馆藏地/架位号 状态 备注
1 0111973   001953309   第三借阅区/ [索取号:O642.1/18] 在馆    
2 0111974   202298414   密集书库/ [索取号:O642.1/18] 在馆    
3 0111975   000342258   第三借阅区/ [索取号:O642.1/18] 在馆    
4 0111976   000342294   第三借阅区/ [索取号:O642.1/18] 在馆    
5 0111977   202226590   密集书库/ [索取号:O642.1/18] 在馆    
6 0111978   202204541   密集书库/ [索取号:O642.1/18] 在馆    
7 0111979   202298405   密集书库/ [索取号:O642.1/18] 在馆    
8 0111980   202226581   密集书库/ [索取号:O642.1/18] 在馆    
9 0111981   000342249   第三借阅区/ [索取号:O642.1/18] 在馆    
10 0111982   202341395   密集书库/ [索取号:O642.1/18] 在馆    
11 0133284   202298450   密集书库/ [索取号:O642.1/18] 在馆    
12 0133285   000342301   第三借阅区/ [索取号:O642.1/18] 在馆    
13 0133286   000342310   第三借阅区/ [索取号:O642.1/18] 在馆    
14 0133287   000342329   第二样本阅览室/ [索取号:O642.1/18] 在馆    
15 0133288   202298441   密集书库/ [索取号:O642.1/18] 在馆    
唐山师范学院图书馆 欢迎您!
大连网信软件有限公司© 版权所有